Nicht qualifiziert für die Fußball WM 2026 #5 - Statistiken

Allgemein
  • Dieses Quiz wurde 90 mal gespielt
  • Das Durchschnittsergebnis liegt bei 5 aus 6
Answers on the Grid
Answers color-coded by a green-red scale on the quiz's grid according to % correct below.
Guatemala
Madagaskar
Slowenien
Finnland
Georgien
Jemen
Jordanien
Uruguay
Belgien
 
Antwortstatistiken
Antwort % Korrekt
Jemen
93%
Guatemala
91%
Madagaskar
88%
Georgien
86%
Finnland
80%
Slowenien
74%
Keine übereinstimmenden Quizze gefunden
Verteilung der Resultate
Anzahl Personen mit jedem Resultat
Perzentil nach korrekt beantworteten Fragen
Ihre Resultats-Entwicklung
Sie haben dieses Quiz noch nicht gespielt